Goya : the last carnival /

Bibliographic Details
Main Author: Stoichiță, Victor Ieronim
Other Authors: Coderch, Anna Maria
Format: Book
Language:English
Published: London : Reaktion, 1999.
Series:Essays in art and culture.
Subjects:

MARC

Tag First Indicator Second Indicator Subfields
LEADER 00000cam a22000008a 4500
001 in00001540421
005 20151022052217.0
008 000427s1999 enk 000 0 eng d
015 |a GB99-W6750 
020 |a 1861890451 
035 |a (OCoLC)41958905 
040 |a UKM  |c UKM  |d KLG  |d TXA  |d UtOrBLW 
049 |a TXAM 
082 0 4 |a 759.6  |2 21 
090 |a N7113.G68  |b S76 1999 
100 1 |a Stoichiță, Victor Ieronim. 
245 1 0 |a Goya :  |b the last carnival /  |c Victor I. Stoichita & Anna Maria Coderch. 
264 1 |a London :  |b Reaktion,  |c 1999. 
300 |a 323 pages :  |b illustrations (some color) ;  |c 24 cm. 
336 |a text  |b txt  |2 rdacontent 
337 |a unmediated  |b n  |2 rdamedia 
338 |a volume  |b nc  |2 rdacarrier 
490 1 |a Essays in art and culture 
600 1 0 |a Goya, Francisco,  |d 1746-1828  |x Criticism and interpretation. 
650 0 |a Painting, Spanish  |y 19th century. 
650 0 |a Painting, Spanish  |y 18th century. 
700 1 |a Coderch, Anna Maria. 
830 0 |a Essays in art and culture. 
994 |a E0  |b TXA 
948 |a cataloged  |b h  |c 2000/4/27  |d c  |e jlanham  |f 3:01:35 pm 
999 |a MARS 
999 f f |s 6cb21dee-8748-386a-b7db-18b66ffa1923  |i 00705221-8ab3-31d2-a049-d79eb6385e49  |t 0 
952 f f |p normal  |a Texas A&M University  |b College Station  |c Sterling C. Evans Library  |d Evans: Library Stacks  |t 0  |e N7113.G68 S76 1999  |h Library of Congress classification  |i unmediated -- volume  |m A14826109332 
998 f f |a N7113.G68 S76 1999  |t 0  |l Evans: Library Stacks